| 000 | 00359 a2200145 4500 | ||
|---|---|---|---|
| 999 |
_c9761 _d9761 |
||
| 003 | OSt | ||
| 005 | 20220302155158.0 | ||
| 008 | 220302b ||||| |||| 00| 0 eng d | ||
| 020 | _a9781789940039 | ||
| 082 |
_223 _a738.14 _bATK |
||
| 100 | _aJocquiAtkin | ||
| 245 | _a250 tips, techniques, and trade secrets for potters | ||
| 260 | _bHerbert Press | ||
| 942 | _2ddc | ||